| 000 | 005310000a22001810004500 | ||
|---|---|---|---|
| 003 | MACL | ||
| 005 | 20160413145445.0 | ||
| 008 | 160413b xxu||||| |||| 00| 0 eng d | ||
| 040 |
_aMACL _cMACL |
||
| 041 | _aHindi | ||
| 082 | _a610 KUM | ||
| 100 |
_aकुमार राजेश _948167 |
||
| 245 | _aयोगासन और प्राणायाम | ||
| 260 |
_bअखिल भारती _c2008 _aनई दिल्ली |
||
| 350 | _a125 | ||
| 650 |
_aMedical Science _952200 |
||
| 942 |
_cHIN _k610/KUM _2ddc |
||
| 999 |
_c41548 _d41548 |
||